Najpopularniejsze piosenki Kubańczyka - Statystyki

Ogólne statystyki
  • Ten quiz został rozwiązany 340 razy
  • Średni wynik to 5 z 10
Statystyki odpowiedzi
Hint Odpowiedź % Poprawnych
44 mln Lady pank
92%
40 mln Zwykły chłopak
82%
23 mln Lady pank 2
64%
17 mln Stargard
62%
13 mln Stringi
40%
28 mln Z tobą
35%
10 mln Cały ja
33%
8 mln Osiedlowe ławki
19%
7,9 mln SPOWIEDŹ
19%
9,3 mln Życzę ci
6%
Nie znaleziono quizów pasujących do podanych kryteriów
Rozkład punktacji
Procent ludzi z każdym wynikiem
Percentyl według liczby udzielonych odpowiedzi
Twoja historia wyników
Nie rozwiązałeś tego quizu